| 000 | 00535nam a2200205Ia 4500 | ||
|---|---|---|---|
| 003 | LK-CoDNM | ||
| 005 | 20241129102237.0 | ||
| 008 | 010623t1958 xxu||||| |||| 00| 1 sin d | ||
| 040 |
_aLK-CoDNM _dLK-CoDNM _eLK-CoDNM |
||
| 041 | _asin | ||
| 080 |
_a294.3 _bWEE |
||
| 100 | _aWeerakoon, Munidasa. | ||
| 245 | _aකර්මය හා විපාකය | ||
| 246 | _aKarmaya Ha Vipakaya | ||
| 260 |
_bSri Saddharmadana Samithiya _c1958 |
||
| 300 | _bxliv, 176p. ; 21 cm | ||
| 650 | _a1958 | ||
| 650 | _aBuddhism | ||
| 942 | _cBK | ||
| 999 |
_c104708 _d104708 |
||